000 00890cam a2200229 4500
001 WB3602-26
008 000000n2000 000 0 eng u
035 _a(Sirsi) u103547
245 _aChange of policy
260 _c2000
490 _aFinancial Times
_v12 January 2000, 2
490 _aIndependent
_v12 January 2000, 8(2)
520 _aA report by the Commons, Environment, Transport and Regional Affairs Committee concludes that new superstores should be built in urban centres to reduce traffic congestion. The report also predicts that a relaxation of existing policy on out-of-town stores would be disastrous.
590 _aWB
650 _aSUPERSTORES
650 _aOUT OF TOWN SHOPPING CENTRES
650 _aCITY CENTRES
650 _aPLANNING POLICY
650 _aSUPERMARKETS
690 _aENVIRONMENTAL AND LAND CONSULTANCY-PLANNING AND DEVELOPMENT
942 _n0
999 _c62198
_d62198